Secondary Chemistry for us-X (Record no. 3001)
[ view plain ]
| 000 -LEADER | |
|---|---|
| fixed length control field | 00232nam a22000857a 4500 |
| 008 - FIXED-LENGTH DATA ELEMENTS--GENERAL INFORMATION | |
| fixed length control field | 160909b xxu||||| |||| 00| 0 eng d |
| 100 ## - MAIN ENTRY--PERSONAL NAME | |
| 9 (RLIN) | 341 |
| Personal name | Misra R.R |
| 245 ## - TITLE STATEMENT | |
| Title | Secondary Chemistry for us-X |
| 260 ## - PUBLICATION, DISTRIBUTION, ETC. (IMPRINT) | |
| Place of publication, distribution, etc. | New Delhi |
| Name of publisher, distributor, etc. | Arya publication |
| Date of publication, distribution, etc. | 2007 |
| Withdrawn status | Lost status | Source of classification or shelving scheme | Damaged status | Koha normalized classification for sorting | Not for loan | Home library | Current library | Shelving location | Date acquired | Total Checkouts | Full call number | Barcode | Date last seen | Date last checked out | Price effective from | Koha item type |
|---|---|---|---|---|---|---|---|---|---|---|---|---|---|---|---|---|
| Dewey Decimal Classification | 540_000000000000000 | Good Samaritan School Library | Good Samaritan School Library | Chemistry | 09/09/2016 | 7 | 540 | MIS6130 | 08/24/2022 | 07/13/2022 | 09/09/2016 | BOOK |